| 000 | 00871cam a2200265 4500 | ||
|---|---|---|---|
| 005 | 20260322212020.0 | ||
| 008 | data | ||
| 010 | _a 74174997 | ||
| 020 | _a0873580885 | ||
| 020 | _a9780873580885 | ||
| 040 |
_aDLC _cDLC _dDLC |
||
| 043 |
_an-us-nm _an-us-nm |
||
| 050 | 0 | 0 |
_aE99.N3 _bW75 1971 _9PIMC |
| 082 | 0 | 0 | _a739.2/3 |
| 092 | _a739.2 W75 1971 | ||
| 100 | 1 |
_aWoodward, Arthur, _d1898- |
|
| 240 | 1 | 0 | _aBrief history of Navajo silversmithing |
| 245 | 1 | 0 |
_aNavajo silver; _ba brief history of Navajo silversmithing. _cArthur Woodward. |
| 260 |
_aFlagstaff [Ariz.] _bNorthland Press _c[c1971] |
||
| 300 |
_axii, 103 p. _billus. _c24 cm. |
||
| 500 | _aOriginally published in 1938 as Museum of Northern Arizona Bulletin no. 14 under title: A brief history of Navajo silversmithing. | ||
| 504 | _aBibliography: p. 91-100. | ||
| 650 | 0 | _aNavajo silverwork. | |
| 001 | data | ||
| 999 |
_c459 _d459 |
||